000 01516cam a2200253 4500
001 ABS64657
008 011101n2001 000 0 eng u
035 _a(Sirsi) u115442
100 _aAtkinson, D
245 _aSeven pillars of wisdom to guide adjudications
260 _c2001
490 _aConstruction News
_v(6738) 18 October 2001, 32(1)
520 _aAcknowledges that certain areas of uncertainty remain concerning adjudication, and illustrates key principles formulated in case law which should help resolve such disputes: the Construction Act 1996 only applies to written agreements and contracts relating to construction operations; the paying party must give notice of payment; parties cannot contract out of the act but they can contract in; all parties have an undisputed right to adjudication to resolve disputes; adjudicators must have jurisdiction and always be able to act without bias. Case law.
590 _aABS
650 _aBUILT ENVIRONMENT-BUILDING CONTRACT FORMS
650 _aCONSTRUCTION DISPUTES
650 _aPAYMENT
650 _aBIAS
650 _aMANAGEMENT-DISPUTE AVOIDANCE, MANAGEMENT AND RESOLUTION-DISPUTE MANAGEMENT AND RESOLUTION-ALTERNATIVE DISPUTE RESOLUTION-ADJUDICATION-ADJUDICATORS
650 _aHOUSING GRANTS, CONSTRUCTION AND REGENERATION ACT 1996
650 _aMANAGEMENT-DISPUTE AVOIDANCE, MANAGEMENT AND RESOLUTION-DISPUTE MANAGEMENT AND RESOLUTION-ALTERNATIVE DISPUTE RESOLUTION-ADJUDICATION
690 _aDispute resolution
_96236
942 _n0
999 _c68753
_d68753